| 000 | 00856 a2200301 4500 | ||
|---|---|---|---|
| 001 | 200041898 | ||
| 999 |
_c200041898 _d41214 |
||
| 003 | TR-AnTOB | ||
| 005 | 20250620074104.0 | ||
| 008 | 160622s2009 tu 000 0 d | ||
| 020 | _a9759672618 (v.2) | ||
| 040 | _aTR-AnTOB | ||
| 041 | 0 | _atur | |
| 050 | 1 | 4 |
_aPL240 _b.H39 2009 |
| 090 | _aPL240 .H39 2009 | ||
| 245 | 0 | 0 | _aHayata dair |
| 264 | 1 |
_aAnkara : _bOstim Vakfı, _c2009. |
|
| 300 |
_av. ; _c16 cm. |
||
| 336 |
_atext _2rdacontent |
||
| 337 |
_aunmediated _2rdamedia |
||
| 338 |
_avolume _2rdacarrier |
||
| 490 | 0 | _aOstim Vakfı Yayınları. | |
| 500 | _aHayata Yön Veren Hikayeler v.1 -- Hayata Dair v.2 | ||
| 650 | 0 | 0 |
_aShort stories, Turkish _931731 |
| 650 | 0 | 7 |
_aKısa hikayeler, Türk _2etuturkob _948475 |
| 856 | 4 | 0 | _uhttp://www.ostim.org.tr/galeri/hayatadair/default.html |
| 942 | _cBK | ||